000 00276nam a22001217a 4500
008 171107b xxu||||| |||| 00| 0 eng d
041 _aeng
080 _a721.053
100 _a62
101 _aAUD
245 _aCASE IN STRATEGIC SYSTEMS AUDITING
_cBELL,T.B
942 _2udc
_cBK
999 _c38157
_d38157